Football Teams Jari Litmanen Played For - Statistics

General Stats
  • This quiz has been taken 32 times
  • The average score is 9 of 13
Answer Stats
League Years Team % Correct
Netherlands 1992-1999 AFC Ajax
100%
Netherlands 2002-2004 AFC Ajax
100%
Spain 1999-2001 FC Barcelona
81%
England 2001-2002 Liverpool FC
81%
Finland 1991-1992 HJK Helsinki
78%
Finland 2011-2012 HJK Helsinki
78%
Finland 1987-1991 FC Reipas Lahti
63%
Finland 2004-2005 FC Lahti
59%
Finland 2008-2011 FC Lahti
59%
Sweden 2005-2008 Malmö FF
59%
Finland 1992 Myllykosken Pallo -47
37%
England 2008 Fulham FC
30%
Germany 2005 FC Hansa Rostock
26%
No matching quizzes found
Score Distribution
Percent of People with Each Score
Percentile by Number Answered
Your Score History
You have not taken this quiz